000 00339nam a2200169#a 4500
001 01527
003 HDC
007 ta
008 230623s2023 xx 000 0 eng d
040 _aHDC
050 _aHC497
_b.H66 2011.
245 0 _aHong Kong in figures.
942 _2lcc
942 _cBK
942 _kHC497
942 _m.H66 2011.
999 _c23093
_d23093